| 000 | 02102nam a22004217a 4500 | ||
|---|---|---|---|
| 003 | dpl | ||
| 005 | 2010030504474.0 | ||
| 007 | DVD | ||
| 008 | 080917t xxu||||| |||| 00| 0 eng d | ||
| 010 | _aDVD-006002-6006 | ||
| 024 |
_2TSDVD-1843 _c45.00 |
||
| 035 | _aDVD-006002-6006 | ||
| 040 |
_aDPL _cDPL |
||
| 082 | _aDVD SALA | ||
| 245 |
_aSalaam-e-Ishq _cGautam Kumar Presents _h[Videorecording] DVD / |
||
| 260 |
_aNew Delhi _bSuper Cassettes Industries Ltd. |
||
| 300 |
_a1 Videodisc DVD; _bsd., col.; _c4 3/4 in. _fDVD |
||
| 440 | _aSuper Cassette Industries | ||
| 538 | _aDolby Digital 2.1; Subtitles, English, Tamil, Telgu; Regions, Universal | ||
| 650 | _a Motion Picture | ||
| 700 | _aAdvani, Nikhil | ||
| 700 | _aTalreja, Mukesh | ||
| 700 | _aManchanda, Sunil | ||
| 700 | _aShankar | ||
| 700 | _aEhsaan | ||
| 700 | _aLoy | ||
| 700 | _aKapoor, Anil | ||
| 700 | _aChawla, Juhi | ||
| 700 | _aChopra, Priyanka | ||
| 700 | _aAbraham, John | ||
| 942 |
_2ddc _cCF _hDVD _mSALA |
||
| 999 |
_c34424 _d34424 |
||